Disability and the Gospel : (Record no. 19875)

MARC details
000 -LEADER
fixed length control field 01700cam a2200301 a 4500
001 - CONTROL NUMBER
control field 17134045
003 - CONTROL NUMBER IDENTIFIER
control field OSt
005 - DATE AND TIME OF LATEST TRANSACTION
control field 20230131112935.0
008 - FIXED-LENGTH DATA ELEMENTS--GENERAL INFORMATION
fixed length control field 120125s2012 ilu b 001 0 eng
010 ## - LIBRARY OF CONGRESS CONTROL NUMBER
LC control number 2012001374
020 ## - INTERNATIONAL STANDARD BOOK NUMBER
International Standard Book Number 9781433530456
040 ## - CATALOGING SOURCE
Original cataloging agency DLC
Transcribing agency DLC
042 ## - AUTHENTICATION CODE
Authentication code pcc
050 00 - LIBRARY OF CONGRESS CALL NUMBER
Classification number BV4910
Item number .B43 2012
100 1# - MAIN ENTRY--PERSONAL NAME
Personal name Beates, Michael S.,
245 10 - TITLE STATEMENT
Title Disability and the Gospel :
Remainder of title how God uses our brokenness to display his grace /
Statement of responsibility, etc. Michael S. Beates.
260 ## - PUBLICATION, DISTRIBUTION, ETC. (IMPRINT)
Place of publication, distribution, etc. Wheaton, Ill. :
Name of publisher, distributor, etc. Crossway,
Date of publication, distribution, etc. 2012.
300 ## - PHYSICAL DESCRIPTION
Extent 191 p.
504 ## - BIBLIOGRAPHY, ETC. NOTE
Bibliography, etc Includes bibliographical references (p. 175-184) and indexes.
505 0# - FORMATTED CONTENTS NOTE
Formatted contents note The voice of God in the law, prophets, and writings: -- What the Old Testament teaches about disabilities -- The voice of Christ -- What the Gospels teach about disabilities -- Excursus: lessons from the land of the Bible -- The voice of the Holy Spirit through the apostles -- What the Acts and Epistles teach about disabilities -- Some biblical conclusions and reflections -- What we learn from the rabbis, the early church, and the Reformation era -- What we learn from the modern era -- What we learn from current secular voices -- What we learn from current Christian voices -- What the church must say to the world in the 21st century -- Sovereignty and the whispering voice of hope.
650 #0 - SUBJECT ADDED ENTRY--TOPICAL TERM
Topical term or geographic name as entry element People with disabilities
General subdivision Religious life.
650 #0 - SUBJECT ADDED ENTRY--TOPICAL TERM
Topical term or geographic name as entry element Disabilities
General subdivision Religious aspects
-- Christianity.
650 #0 - SUBJECT ADDED ENTRY--TOPICAL TERM
Topical term or geographic name as entry element Disabilities
General subdivision Biblical teaching.
650 #0 - SUBJECT ADDED ENTRY--TOPICAL TERM
Topical term or geographic name as entry element Grace (Theology)
906 ## - LOCAL DATA ELEMENT F, LDF (RLIN)
a 7
b cbc
c orignew
d 1
e ecip
f 20
g y-gencatlg
942 ## - ADDED ENTRY ELEMENTS (KOHA)
Source of classification or shelving scheme Library of Congress Classification
Koha item type General Collection
Holdings
Withdrawn status Lost status Source of classification or shelving scheme Not for loan Home library Current library Date acquired Cost, normal purchase price Total Checkouts Full call number Barcode Date last seen Price effective from Koha item type
    Library of Congress Classification   Kabarak, Main Campus Kabarak, Main Campus 31/01/2023 1300.00   BV4910 .B43 2012 c.1 032459 31/01/2023 31/01/2023 General Collection
Designed with assistance from East African Informatics Ltd